000 01699nam0a2200337 i 4500
001 RU\NLR\BIBL_A\010453631
005 20260406150812.0
010 _a9785090208734
_920000
021 _aRU
_b2015-31026
_91844
021 _aRU
_b2014-41672
_92539
021 _aRU
_b2014-64476
_93928
035 _a(NLR Aleph) 010453631
090 _a9940505
_c9940505
100 _a20101220d2014 um y0rusy50 ca
101 0 _arus
102 _aRU
105 _aab||j|||000yy
200 1 _aГеография
_e8 класс
_eучебник для общеобразовательных учреждений
_eс приложением на электронном носителе
_f[д.г.н. А.И. Алексеев, д.п.н. В.В. Николина, д.г.н. Е.К. Липкина и др.]
210 _aМосква
_cПросвещение
_d2014
215 _a254, [1] с.
_cил., карт.
_d26
_e1 электр. опт. диск (CD-ROM)
225 1 _aПолярная звезда
300 _aАвт. указаны на обороте тит. л.
607 _aРоссийская Федерация
_jУчебники для средней школы
_xГеография
_91356659
_3RU\NLR\AUTH\66252630
686 _aД890(2Р)я72-1
701 1 _4070
_7ca
_8rus
_aАлексеев
_bА. И.
_cд-р геогр. наук
_f1949-
_gАлександр Иванович
_9115275
_3RU\NLR\auth\775311
701 1 _4070
_aНиколина
_bВ. В.
_cд-р пед. наук
_f1955-
_gВера Викторовна
_9181494
_3RU\NLR\AUTH\770181545
701 1 _aЛипкина
_bЕ. К.
_gЕлена Карловна
942 _cBOOK
980 _aNBR